[Event "Masters Tournament (MTO)"]
[Site "Biel, CH"]
[Date "2025.07.17"]
[Round "4"]
[White "Leonov, Leonid"]
[Black "Malli, Shiivesh Sunil"]
[Result "1-0"]
[Board "40"]
[WhiteFideId "1698052"]
[BlackFideId "1340409"]
[WhiteElo "2089"]
[BlackElo "1969"]
[WhiteTeam "AUT"]
[BlackTeam "SUI"]
[WhiteClock "0:59:39"]
[BlackClock "0:22:14"]
[Variant "Standard"]

1. e4 {[%clk 1:40:43]}  c5 {[%clk 1:40:55]} 2. Nf3 {[%clk 1:40:49]}  Nc6 {[%clk 1:41:18]} 3. Nc3 {[%clk 1:38:42]}  g6 {[%clk 1:41:29]} 4. d4 {[%clk 1:39:09]}  cxd4 {[%clk 1:41:52]} 5. Nxd4 {[%clk 1:39:02]}  Bg7 {[%clk 1:42:12]} 6. Be3 {[%clk 1:39:26]}  d6 {[%clk 1:42:05]} 7. Qd2 {[%clk 1:39:49]}  Nf6 {[%clk 1:42:03]} 8. f3 {[%clk 1:40:11]}  Bd7 {[%clk 1:40:22]} 9. g4 {[%clk 1:37:36]}  Nxd4 {[%clk 1:26:20]} 10. Bxd4 {[%clk 1:38:03]}  O-O {[%clk 1:26:26]} 11. O-O-O {[%clk 1:37:07]}  Bc6 {[%clk 1:25:17]} 12. Kb1 {[%clk 1:34:35]}  a6 {[%clk 1:19:21]} 13. h4 {[%clk 1:32:34]}  b5 {[%clk 1:18:05]} 14. h5 {[%clk 1:30:28]}  b4 {[%clk 1:17:02]} 15. Nd5 {[%clk 1:32:55]}  Bxd5 {[%clk 1:15:21]} 16. exd5 {[%clk 1:31:23]}  Qc7 {[%clk 1:08:29]} 17. g5 {[%clk 1:11:48]}  Nxh5 {[%clk 0:50:06]} 18. Rxh5 {[%clk 1:11:46]}  gxh5 {[%clk 0:49:37]} 19. Bxg7 {[%clk 1:12:07]}  Kxg7 {[%clk 0:49:36]} 20. Qd4+ {[%clk 1:12:23]}  f6 {[%clk 0:39:51]} 21. Bd3 {[%clk 1:12:39]}  Qa7 {[%clk 0:36:42]} 22. Qe4 {[%clk 1:11:51]}  Rh8 {[%clk 0:34:22]} 23. gxf6+ {[%clk 1:01:26]}  exf6 {[%clk 0:34:17]} 24. Qxb4 {[%clk 1:00:57]}  Rad8 {[%clk 0:30:10]} 25. Qh4 {[%clk 0:59:31]}  Rhe8 {[%clk 0:29:15]} 26. Qxh5 {[%clk 0:59:10]}  Kh8 {[%clk 0:29:20]} 27. Rh1 {[%clk 0:58:53]}  Re7 {[%clk 0:28:36]} 28. Qh6 {[%clk 0:58:39]}  Rf7 {[%clk 0:21:32]} 29. Bxh7 {[%clk 0:58:10]}  Rxh7 {[%clk 0:21:05]} 30. Qxf6+ {[%clk 0:58:33]}  Qg7 {[%clk 0:21:29]} 31. Qxd8+ {[%clk 0:59:00]}  Qg8 {[%clk 0:21:39]} 32. Qxg8+ {[%clk 0:59:21]}  Kxg8 {[%clk 0:22:01]} 33. Rxh7 {[%clk 0:59:17]}  Kxh7 {[%clk 0:22:14]} 34. a4 {[%clk 0:59:39]} 1-0

[Event "Masters Tournament (MTO)"]
[Site "Biel, CH"]
[Date "2025.07.17"]
[Round "4"]
[White "Jordan, Christina"]
[Black "Cervelli, Eduard"]
[Result "0-1"]
[Board "41"]
[WhiteFideId "1347977"]
[BlackFideId "1351800"]
[WhiteElo "1943"]
[BlackElo "2086"]
[WhiteTeam "SUI"]
[BlackTeam "SUI"]
[WhiteClock "1:13:14"]
[BlackClock "0:19:18"]
[Variant "Standard"]

1. e4 {[%clk 1:40:54]}  c5 {[%clk 1:40:51]} 2. Nf3 {[%clk 1:41:14]}  d6 {[%clk 1:41:18]} 3. d4 {[%clk 1:41:33]}  cxd4 {[%clk 1:41:42]} 4. Nxd4 {[%clk 1:41:55]}  Nf6 {[%clk 1:42:05]} 5. Nc3 {[%clk 1:42:17]}  a6 {[%clk 1:42:32]} 6. Be3 {[%clk 1:42:34]}  e5 {[%clk 1:42:32]} 7. Nb3 {[%clk 1:42:58]}  Be7 {[%clk 1:42:57]} 8. f3 {[%clk 1:43:21]}  Be6 {[%clk 1:43:20]} 9. Qd2 {[%clk 1:43:46]}  h5 {[%clk 1:43:37]} 10. Nd5 {[%clk 1:43:53]}  Nxd5 {[%clk 1:43:23]} 11. exd5 {[%clk 1:44:17]}  Bf5 {[%clk 1:44:21]} 12. Na5 {[%clk 1:44:27]}  b6 {[%clk 1:44:36]} 13. Nc4 {[%clk 1:44:48]}  Nd7 {[%clk 1:44:59]} 14. Be2 {[%clk 1:44:33]}  Bh4+ {[%clk 1:45:18]} 15. g3 {[%clk 1:44:55]}  Be7 {[%clk 1:43:42]} 16. h4 {[%clk 1:42:58]}  O-O {[%clk 1:43:54]} 17. O-O {[%clk 1:26:31]}  Rb8 {[%clk 1:28:08]} 18. a4 {[%clk 1:15:01]}  Bg6 {[%clk 1:22:32]} 19. a5 {[%clk 1:35:10]}  b5 {[%clk 1:20:48]} 20. Nb6 {[%clk 1:09:21]}  Nxb6 {[%clk 0:53:55]} 21. axb6 {[%clk 0:58:04]}  Qc8 {[%clk 0:49:42]} 22. Rfc1 {[%clk 0:51:07]}  f5 {[%clk 0:40:13]} 23. Kh2 {[%clk 0:36:43]}  f4 {[%clk 0:29:42]} 24. gxf4 {[%clk 1:17:37]}  Qf5 {[%clk 0:16:41]} 25. Bf2 {[%clk 1:05:29]}  Qxf4+ {[%clk 0:15:29]} 26. Qxf4 {[%clk 1:04:57]}  Rxf4 {[%clk 0:15:54]} 27. Rxa6 {[%clk 1:05:11]}  Bxh4 {[%clk 0:16:13]} 28. Bxh4 {[%clk 1:05:32]}  Rxh4+ {[%clk 0:16:40]} 29. Kg3 {[%clk 1:04:15]}  Ra4 {[%clk 0:16:51]} 30. Ra1 {[%clk 0:58:10]}  Rxa1 {[%clk 0:11:47]} 31. Rxa1 {[%clk 0:58:33]}  Rxb6 {[%clk 0:12:01]} 32. c3 {[%clk 0:58:45]}  Bf7 {[%clk 0:12:03]} 33. Ra8+ {[%clk 0:58:49]}  Kh7 {[%clk 0:12:24]} 34. Bd3+ {[%clk 0:58:56]}  g6 {[%clk 0:03:39]} 35. Be4 {[%clk 0:55:56]}  Kg7 {[%clk 0:04:01]} 36. Rc8 {[%clk 0:55:38]}  Kf6 {[%clk 0:04:12]} 37. Rc6 {[%clk 0:54:12]}  Rxc6 {[%clk 0:03:40]} 38. dxc6 {[%clk 0:54:37]}  Ke7 {[%clk 0:02:04]} 39. c7 {[%clk 0:52:51]}  Kd7 {[%clk 0:02:24]} 40. Bc6+ {[%clk 0:53:15]}  Kxc7 {[%clk 0:02:51]} 41. Bxb5 {[%clk 0:53:42]}  Kb6 {[%clk 0:02:14]} 42. Bd3 {[%clk 0:53:28]}  g5 {[%clk 0:02:38]} 43. b4 {[%clk 0:52:34]}  d5 {[%clk 0:02:07]} 44. Be2 {[%clk 0:51:51]}  Bg6 {[%clk 0:01:42]} 45. Kf2 {[%clk 0:51:51]}  d4 {[%clk 0:26:22]} 46. c4 {[%clk 1:21:41]}  Bc2 {[%clk 0:26:04]} 47. Bf1 {[%clk 1:19:11]}  e4 {[%clk 0:21:25]} 48. fxe4 {[%clk 1:15:11]}  Bxe4 {[%clk 0:21:49]} 49. Be2 {[%clk 1:14:59]}  g4 {[%clk 0:22:05]} 50. Bd1 {[%clk 1:14:50]}  d3 {[%clk 0:20:36]} 51. Ke3 {[%clk 1:13:56]}  Bb7 {[%clk 0:18:35]} 52. Kf2 {[%clk 1:13:18]}  Bf3 {[%clk 0:18:31]} 53. Bxf3 {[%clk 1:13:28]}  gxf3 {[%clk 0:18:56]} 54. Ke3 {[%clk 1:13:14]}  h4 {[%clk 0:19:18]} 0-1

[Event "Masters Tournament (MTO)"]
[Site "Biel, CH"]
[Date "2025.07.17"]
[Round "4"]
[White "Hu, Yu A."]
[Black "Cordes, Jule"]
[Result "1-0"]
[Board "42"]
[WhiteFideId "8609993"]
[BlackFideId "1060708"]
[WhiteElo "2079"]
[BlackElo "1946"]
[WhiteTeam "CHN"]
[BlackTeam "NED"]
[WhiteClock "0:16:12"]
[BlackClock "0:00:33"]
[Variant "Standard"]

1. e4 {[%clk 1:40:54]}  e6 {[%clk 1:40:54]} 2. d4 {[%clk 1:40:47]}  d5 {[%clk 1:41:18]} 3. Nc3 {[%clk 1:40:57]}  Nf6 {[%clk 1:41:42]} 4. Bg5 {[%clk 1:41:09]}  Bb4 {[%clk 1:41:51]} 5. e5 {[%clk 1:39:09]}  h6 {[%clk 1:42:07]} 6. Bc1 {[%clk 1:38:51]}  Ne4 {[%clk 1:41:48]} 7. Qg4 {[%clk 1:38:03]}  g6 {[%clk 1:41:56]} 8. a3 {[%clk 1:36:16]}  Bxc3+ {[%clk 1:38:32]} 9. bxc3 {[%clk 1:36:39]}  c5 {[%clk 1:35:34]} 10. Bd3 {[%clk 1:17:35]}  Nxc3 {[%clk 1:07:36]} 11. dxc5 {[%clk 1:29:55]}  Qa5 {[%clk 1:03:15]} 12. Bd2 {[%clk 1:25:41]}  Qxc5 {[%clk 0:49:14]} 13. Bxg6 {[%clk 1:12:00]}  Rg8 {[%clk 0:37:16]} 14. Bxf7+ {[%clk 1:12:06]}  Kxf7 {[%clk 0:37:40]} 15. Qf3+ {[%clk 1:12:31]}  Ke8 {[%clk 0:32:47]} 16. Bxc3 {[%clk 1:12:28]}  Nc6 {[%clk 0:31:23]} 17. Ne2 {[%clk 1:07:49]}  Rf8 {[%clk 0:29:13]} 18. Qh5+ {[%clk 1:07:39]}  Rf7 {[%clk 0:27:40]} 19. Qh4 {[%clk 1:04:30]}  b6 {[%clk 0:23:15]} 20. Bb4 {[%clk 0:59:43]}  Nxb4 {[%clk 0:14:45]} 21. axb4 {[%clk 1:00:06]}  Qxc2 {[%clk 0:14:57]} 22. Qxh6 {[%clk 0:57:12]}  Qb2 {[%clk 0:12:38]} 23. Qc1 {[%clk 0:29:38]}  Qxb4+ {[%clk 0:10:42]} 24. Qc3 {[%clk 0:29:57]}  Qxc3+ {[%clk 0:08:33]} 25. Nxc3 {[%clk 0:30:21]}  Rf5 {[%clk 0:07:49]} 26. Nb5 {[%clk 0:30:35]}  Rxe5+ {[%clk 0:07:10]} 27. Kd2 {[%clk 0:31:02]}  Kf8 {[%clk 0:00:37]} 28. Nc7 {[%clk 0:26:22]}  Rb8 {[%clk 0:01:06]} 29. Rxa7 {[%clk 0:26:44]}  b5 {[%clk 0:00:38]} 30. Rc1 {[%clk 0:24:04]}  b4 {[%clk 0:00:37]} 31. Nb5 {[%clk 0:24:10]}  d4 {[%clk 0:00:33]} 32. Nxd4 {[%clk 0:18:29]}  Rd5 {[%clk 0:00:46]} 33. Ke3 {[%clk 0:16:31]}  e5 {[%clk 0:00:35]} 34. Nc6 {[%clk 0:16:10]}  Rb7 {[%clk 0:00:50]} 35. Nxb4 {[%clk 0:15:54]}  Rd8 {[%clk 0:00:33]} 36. Rxc8 {[%clk 0:16:12]} 1-0

[Event "Masters Tournament (MTO)"]
[Site "Biel, CH"]
[Date "2025.07.17"]
[Round "4"]
[White "Lilliehook, Victor"]
[Black "Heyl, Thomas"]
[Result "1-0"]
[Board "43"]
[WhiteFideId "1752103"]
[BlackFideId "4623371"]
[WhiteElo "2074"]
[BlackElo "1938"]
[WhiteTeam "SWE"]
[BlackTeam "GER"]
[WhiteClock "0:46:43"]
[BlackClock "0:37:55"]
[Variant "Standard"]

1. e4 {[%clk 1:40:57]}  c5 {[%clk 1:40:52]} 2. Nf3 {[%clk 1:41:23]}  Nc6 {[%clk 1:41:15]} 3. d4 {[%clk 1:41:46]}  cxd4 {[%clk 1:41:38]} 4. Nxd4 {[%clk 1:42:11]}  e5 {[%clk 1:42:02]} 5. Nb5 {[%clk 1:42:34]}  d6 {[%clk 1:42:24]} 6. a4 {[%clk 1:42:58]}  a6 {[%clk 1:42:04]} 7. N5c3 {[%clk 1:42:35]}  Nf6 {[%clk 1:41:01]} 8. Bg5 {[%clk 1:41:23]}  Be7 {[%clk 1:41:00]} 9. Bxf6 {[%clk 1:41:40]}  Bxf6 {[%clk 1:41:06]} 10. Bc4 {[%clk 1:40:38]}  O-O {[%clk 1:40:31]} 11. O-O {[%clk 1:39:45]}  Nb4 {[%clk 1:35:35]} 12. Nd5 {[%clk 1:34:16]}  Nxd5 {[%clk 1:35:35]} 13. Bxd5 {[%clk 1:34:36]}  Qb6 {[%clk 1:25:30]} 14. b3 {[%clk 1:27:13]}  Be6 {[%clk 1:24:19]} 15. a5 {[%clk 1:26:33]}  Qc7 {[%clk 1:12:23]} 16. c4 {[%clk 1:21:09]}  Bxd5 {[%clk 1:08:38]} 17. Qxd5 {[%clk 1:20:29]}  Qc5 {[%clk 1:02:48]} 18. Nc3 {[%clk 1:12:58]}  Qb4 {[%clk 1:02:53]} 19. Qd3 {[%clk 1:12:23]}  Rac8 {[%clk 0:49:25]} 20. Nd5 {[%clk 1:11:32]}  Qc5 {[%clk 0:49:41]} 21. Nxf6+ {[%clk 1:01:19]}  gxf6 {[%clk 0:50:07]} 22. Rfd1 {[%clk 1:01:33]}  b6 {[%clk 0:47:39]} 23. Qg3+ {[%clk 0:48:15]}  Kh8 {[%clk 0:48:01]} 24. Qh4 {[%clk 0:48:36]}  Kg7 {[%clk 0:39:49]} 25. Qg4+ {[%clk 0:48:27]}  Kh8 {[%clk 0:40:15]} 26. Qf5 {[%clk 0:48:23]}  Rg8 {[%clk 0:40:20]} 27. Qxf6+ {[%clk 0:47:56]}  Rg7 {[%clk 0:40:47]} 28. Rxd6 {[%clk 0:46:06]}  bxa5 {[%clk 0:36:39]} 29. Rd8+ {[%clk 0:45:44]}  Rxd8 {[%clk 0:37:04]} 30. Qxd8+ {[%clk 0:46:06]}  Rg8 {[%clk 0:37:29]} 31. Qf6+ {[%clk 0:46:27]}  Rg7 {[%clk 0:37:55]} 32. Rd1 {[%clk 0:46:43]} 1-0

[Event "Masters Tournament (MTO)"]
[Site "Biel, CH"]
[Date "2025.07.17"]
[Round "4"]
[White "Aryan Goyal"]
[Black "Kanana, Ziad"]
[Result "1/2-1/2"]
[Board "44"]
[WhiteFideId "366108825"]
[BlackFideId "1346911"]
[WhiteElo "1906"]
[BlackElo "2062"]
[WhiteTeam "IND"]
[BlackTeam "SUI"]
[WhiteClock "0:28:07"]
[BlackClock "0:41:32"]
[Variant "Standard"]

1. e4 {[%clk 1:40:07]}  c6 {[%clk 1:40:47]} 2. Nc3 {[%clk 1:40:02]}  d5 {[%clk 1:41:15]} 3. Qf3 {[%clk 1:16:29]}  Nf6 {[%clk 1:39:29]} 4. e5 {[%clk 1:16:08]}  Ng8 {[%clk 1:36:36]} 5. d4 {[%clk 1:36:38]}  e6 {[%clk 1:34:25]} 6. Qg3 {[%clk 1:27:44]}  Ne7 {[%clk 1:25:01]} 7. Bd3 {[%clk 1:21:57]}  Nd7 {[%clk 1:10:16]} 8. Be3 {[%clk 1:12:25]}  a6 {[%clk 0:57:09]} 9. Nce2 {[%clk 1:08:29]}  c5 {[%clk 0:55:23]} 10. c3 {[%clk 1:07:31]}  Nc6 {[%clk 0:53:31]} 11. f4 {[%clk 0:54:45]}  g6 {[%clk 0:50:12]} 12. Nf3 {[%clk 0:58:26]}  b5 {[%clk 0:48:01]} 13. h4 {[%clk 0:56:25]}  cxd4 {[%clk 0:46:31]} 14. Nexd4 {[%clk 0:56:21]}  Nxd4 {[%clk 0:44:18]} 15. Nxd4 {[%clk 0:55:54]}  Nc5 {[%clk 0:41:04]} 16. Bc2 {[%clk 0:52:22]}  h5 {[%clk 0:34:29]} 17. b4 {[%clk 0:47:38]}  Ne4 {[%clk 0:31:42]} 18. Bxe4 {[%clk 0:42:41]}  dxe4 {[%clk 0:30:49]} 19. Rd1 {[%clk 0:40:42]}  Qc7 {[%clk 0:30:34]} 20. Bf2 {[%clk 0:42:00]}  Bb7 {[%clk 0:25:04]} 21. Nxe6 {[%clk 0:39:51]}  Qc4 {[%clk 0:20:21]} 22. Nxf8 {[%clk 0:32:02]}  Kxf8 {[%clk 0:13:12]} 23. Rd2 {[%clk 0:30:19]}  Bc8 {[%clk 0:10:37]} 24. Bd4 {[%clk 0:26:23]}  Bg4 {[%clk 0:05:37]} 25. Qe3 {[%clk 0:24:43]}  Kg7 {[%clk 0:01:52]} 26. Qxe4 {[%clk 0:18:11]}  Kh7 {[%clk 0:15:17]} 27. Kf2 {[%clk 0:17:00]}  a5 {[%clk 0:11:15]} 28. bxa5 {[%clk 0:16:30]}  Rxa5 {[%clk 0:11:02]} 29. Qe3 {[%clk 0:14:44]}  Rha8 {[%clk 0:09:04]} 30. Ra1 {[%clk 0:11:51]}  Rxa2 {[%clk 0:13:53]} 31. Raxa2 {[%clk 0:11:42]}  Rxa2 {[%clk 0:13:30]} 32. Rxa2 {[%clk 0:11:53]}  Qxa2+ {[%clk 0:12:43]} 33. Kg3 {[%clk 0:11:19]}  Qe2 {[%clk 0:14:38]} 34. Qxe2 {[%clk 0:09:29]}  Bxe2 {[%clk 0:14:29]} 35. Bc5 {[%clk 0:08:56]}  Bg4 {[%clk 0:15:04]} 36. Be7 {[%clk 0:09:59]}  Kg7 {[%clk 0:15:13]} 37. Kf2 {[%clk 0:10:20]}  Be6 {[%clk 0:14:18]} 38. Ke3 {[%clk 0:09:27]}  Kg8 {[%clk 0:15:14]} 39. Kd4 {[%clk 0:09:29]}  Bg4 {[%clk 0:15:15]} 40. Kd5 {[%clk 0:07:24]}  Be2 {[%clk 0:09:17]} 41. Kd4 {[%clk 0:02:30]}  Bg4 {[%clk 0:14:29]} 42. Kd5 {[%clk 0:30:00]}  Be2 {[%clk 0:12:54]} 43. f5 {[%clk 0:29:09]}  gxf5 {[%clk 0:10:10]} 44. Kd4 {[%clk 0:28:33]}  Bf1 {[%clk 0:42:42]} 45. g3 {[%clk 0:28:11]}  Kh7 {[%clk 0:41:54]} 46. Ke3 {[%clk 0:28:52]}  Kg6 {[%clk 0:43:12]} 47. Kf4 {[%clk 0:28:51]}  Bc4 {[%clk 0:41:47]} 48. Bf6 {[%clk 0:28:23]}  Bf1 {[%clk 0:41:32]} 49. Be7 {[%clk 0:28:07]} 1/2-1/2

[Event "Masters Tournament (MTO)"]
[Site "Biel, CH"]
[Date "2025.07.17"]
[Round "4"]
[White "Hoffmann, Alexander"]
[Black "Stevens, Christian"]
[Result "1/2-1/2"]
[Board "45"]
[WhiteFideId "16240219"]
[BlackFideId "649090"]
[WhiteElo "1872"]
[BlackElo "2050"]
[WhiteTeam "GER"]
[BlackTeam "FRA"]
[WhiteClock "0:15:38"]
[BlackClock "0:24:02"]
[Variant "Standard"]

1. c4 {[%clk 1:37:22]}  e5 {[%clk 1:40:14]} 2. g3 {[%clk 1:37:37]}  Nc6 {[%clk 1:40:18]} 3. Bg2 {[%clk 1:37:57]}  g6 {[%clk 1:40:29]} 4. Nc3 {[%clk 1:37:36]}  Bg7 {[%clk 1:40:42]} 5. Nf3 {[%clk 1:37:11]}  d6 {[%clk 1:39:17]} 6. d3 {[%clk 1:37:11]}  f5 {[%clk 1:40:42]} 7. Bg5 {[%clk 1:37:11]}  Nf6 {[%clk 1:26:18]} 8. Nd5 {[%clk 1:26:14]}  h6 {[%clk 1:35:05]} 9. Bxf6 {[%clk 1:26:14]}  Bxf6 {[%clk 1:35:05]} 10. Nxf6+ {[%clk 1:26:14]}  Qxf6 {[%clk 1:35:05]} 11. Nd2 {[%clk 1:26:14]}  O-O {[%clk 1:35:05]} 12. O-O {[%clk 1:26:14]}  Bd7 {[%clk 1:25:21]} 13. a3 {[%clk 1:08:38]}  Rab8 {[%clk 1:20:28]} 14. b4 {[%clk 1:05:42]}  Nd4 {[%clk 1:24:31]} 15. b5 {[%clk 1:05:42]}  c6 {[%clk 1:24:31]} 16. e3 {[%clk 1:05:42]}  Ne6 {[%clk 1:24:31]} 17. a4 {[%clk 1:05:42]}  g5 {[%clk 1:24:31]} 18. Kh1 {[%clk 1:05:42]}  Kg7 {[%clk 1:24:31]} 19. f4 {[%clk 1:05:42]}  exf4 {[%clk 1:24:31]} 20. gxf4 {[%clk 1:05:42]}  g4 {[%clk 1:24:31]} 21. e4 {[%clk 1:05:42]}  Nd4 {[%clk 0:51:19]} 22. exf5 {[%clk 0:24:38]}  Bxf5 {[%clk 0:46:35]} 23. Ne4 {[%clk 0:23:59]}  Qg6 {[%clk 0:39:03]} 24. Ng3 {[%clk 0:22:55]}  Rbe8 {[%clk 0:34:54]} 25. Ra2 {[%clk 0:17:16]}  Re7 {[%clk 0:36:58]} 26. Be4 {[%clk 0:17:16]}  c5 {[%clk 0:36:58]} 27. Bxf5 {[%clk 0:17:16]}  Nxf5 {[%clk 0:36:58]} 28. Nxf5+ {[%clk 0:10:59]}  Qxf5 {[%clk 0:22:10]} 29. Rg2 {[%clk 0:10:26]}  h5 {[%clk 0:21:51]} 30. h3 {[%clk 0:09:57]}  Re3 {[%clk 0:12:42]} 31. hxg4 {[%clk 0:08:15]}  Qxd3 {[%clk 0:12:16]} 32. gxh5+ {[%clk 0:06:04]}  Kh7 {[%clk 0:11:06]} 33. Qxd3+ {[%clk 0:04:16]}  Rxd3 {[%clk 0:11:30]} 34. f5 {[%clk 0:03:07]}  Rh3+ {[%clk 0:10:05]} 35. Kg1 {[%clk 0:02:44]}  Rxh5 {[%clk 0:10:17]} 36. f6 {[%clk 0:03:11]}  Rf7 {[%clk 0:10:29]} 37. Rg4 {[%clk 0:01:10]}  Rh6 {[%clk 0:10:11]} 38. Rgf4 {[%clk 0:00:56]}  Rg6+ {[%clk 0:10:29]} 39. Kh2 {[%clk 0:01:19]}  Kg8 {[%clk 0:10:50]} 40. Kh3 {[%clk 0:01:03]}  Rh7+ {[%clk 0:10:41]} 41. Rh4 {[%clk 0:01:24]}  Rxh4+ {[%clk 0:11:01]} 42. Kxh4 {[%clk 0:01:49]}  Kf7 {[%clk 0:11:20]} 43. Rd1 {[%clk 0:29:51]}  Rxf6 {[%clk 0:40:09]} 44. Kg5 {[%clk 0:29:46]}  Re6 {[%clk 0:38:13]} 45. Kf5 {[%clk 0:27:33]}  Re5+ {[%clk 0:33:15]} 46. Kf4 {[%clk 0:27:16]}  Ke6 {[%clk 0:31:53]} 47. Rh1 {[%clk 0:24:23]}  Kd7 {[%clk 0:31:00]} 48. a5 {[%clk 0:21:02]}  Re7 {[%clk 0:25:21]} 49. Rh8 {[%clk 0:15:38]}  Re8 {[%clk 0:24:02]} 1/2-1/2

[Event "Masters Tournament (MTO)"]
[Site "Biel, CH"]
[Date "2025.07.17"]
[Round "4"]
[White "Hoffmann, Achim Gunter"]
[Black "Schultze, Joerg-Martin, Dr."]
[Result "1-0"]
[Board "46"]
[WhiteFideId "3203840"]
[BlackFideId "12972070"]
[WhiteElo "2045"]
[BlackElo "1865"]
[WhiteTeam "AUS"]
[BlackTeam "GER"]
[WhiteClock "0:51:46"]
[BlackClock "0:17:32"]
[Variant "Standard"]

1. e4 {[%clk 1:37:14]}  c5 {[%clk 1:40:45]} 2. Nf3 {[%clk 1:37:17]}  e6 {[%clk 1:41:03]} 3. d4 {[%clk 1:36:53]}  cxd4 {[%clk 1:41:22]} 4. Nxd4 {[%clk 1:37:21]}  Nf6 {[%clk 1:41:38]} 5. Bd3 {[%clk 1:36:32]}  d5 {[%clk 1:41:12]} 6. exd5 {[%clk 1:31:13]}  Nxd5 {[%clk 1:39:29]} 7. O-O {[%clk 1:30:27]}  Nc6 {[%clk 1:38:35]} 8. Nxc6 {[%clk 1:26:00]}  bxc6 {[%clk 1:39:01]} 9. Nd2 {[%clk 1:23:48]}  Bd6 {[%clk 1:34:16]} 10. Ne4 {[%clk 1:22:18]}  Be7 {[%clk 1:31:41]} 11. c3 {[%clk 1:20:16]}  f5 {[%clk 1:25:20]} 12. Ng5 {[%clk 1:14:46]}  O-O {[%clk 1:20:21]} 13. Nf3 {[%clk 1:14:15]}  Qc7 {[%clk 1:17:21]} 14. Qe2 {[%clk 1:10:15]}  Bd6 {[%clk 1:12:41]} 15. Re1 {[%clk 1:09:03]}  Nf6 {[%clk 0:56:45]} 16. h3 {[%clk 1:06:56]}  Bd7 {[%clk 0:42:27]} 17. Ne5 {[%clk 1:02:40]}  Be8 {[%clk 0:42:08]} 18. Nc4 {[%clk 0:59:35]}  Bh2+ {[%clk 0:33:51]} 19. Kh1 {[%clk 0:57:29]}  Bf7 {[%clk 0:31:55]} 20. g3 {[%clk 0:52:14]}  Bxg3 {[%clk 0:32:05]} 21. fxg3 {[%clk 0:52:19]}  Qxg3 {[%clk 0:32:18]} 22. Qe3 {[%clk 0:51:12]}  Qh4 {[%clk 0:28:17]} 23. Ne5 {[%clk 0:49:41]}  Nd5 {[%clk 0:27:13]} 24. Qg1 {[%clk 0:46:35]}  Qxh3+ {[%clk 0:23:15]} 25. Qh2 {[%clk 0:47:03]}  Qxh2+ {[%clk 0:23:25]} 26. Kxh2 {[%clk 0:47:31]}  Be8 {[%clk 0:20:08]} 27. Bd2 {[%clk 0:45:23]}  Rd8 {[%clk 0:18:09]} 28. Rg1 {[%clk 0:43:55]}  Nf6 {[%clk 0:15:45]} 29. Bg5 {[%clk 0:43:05]}  Rd5 {[%clk 0:13:21]} 30. Rae1 {[%clk 0:42:06]}  Ne4 {[%clk 0:09:40]} 31. Bf4 {[%clk 0:39:02]}  Rf6 {[%clk 0:07:46]} 32. Rg2 {[%clk 0:32:03]}  c5 {[%clk 0:06:21]} 33. Bxe4 {[%clk 0:29:10]}  fxe4 {[%clk 0:06:38]} 34. Bg3 {[%clk 0:29:18]}  Rh6+ {[%clk 0:03:54]} 35. Kg1 {[%clk 0:29:44]}  Bg6 {[%clk 0:02:32]} 36. Bf4 {[%clk 0:27:47]}  Rh5 {[%clk 0:02:08]} 37. Nxg6 {[%clk 0:27:29]}  hxg6 {[%clk 0:02:32]} 38. Rxe4 {[%clk 0:26:23]}  Rh4 {[%clk 0:02:24]} 39. Rge2 {[%clk 0:24:11]}  Rd1+ {[%clk 0:01:33]} 40. Kg2 {[%clk 0:24:26]}  e5 {[%clk 0:01:11]} 41. Bg5 {[%clk 0:23:45]}  Rxe4 {[%clk 0:28:07]} 42. Rxe4 {[%clk 0:54:11]}  Rb1 {[%clk 0:28:24]} 43. Re2 {[%clk 0:54:12]}  Kf7 {[%clk 0:28:43]} 44. Be3 {[%clk 0:54:29]}  c4 {[%clk 0:26:15]} 45. Bxa7 {[%clk 0:54:44]}  Kf6 {[%clk 0:26:24]} 46. Kf3 {[%clk 0:53:58]}  Kf5 {[%clk 0:23:26]} 47. Bb8 {[%clk 0:53:32]}  Rf1+ {[%clk 0:21:56]} 48. Ke3 {[%clk 0:53:42]}  Ke6 {[%clk 0:21:33]} 49. Rg2 {[%clk 0:53:29]}  Rf6 {[%clk 0:20:52]} 50. Rg5 {[%clk 0:53:36]}  Rf7 {[%clk 0:17:06]} 51. Rxe5+ {[%clk 0:53:37]}  Kf6 {[%clk 0:17:32]} 52. Rb5 {[%clk 0:51:46]} 1-0

[Event "Masters Tournament (MTO)"]
[Site "Biel, CH"]
[Date "2025.07.17"]
[Round "4"]
[White "Glasschroeder, Maximilian"]
[Black "Monteverde, Jonathan"]
[Result "1/2-1/2"]
[Board "47"]
[WhiteFideId "34652590"]
[BlackFideId "1314580"]
[WhiteElo "1886"]
[BlackElo "2127"]
[WhiteTeam "GER"]
[BlackTeam "SUI"]
[WhiteClock "0:08:39"]
[BlackClock "0:09:05"]
[Variant "Standard"]

1. e4 {[%clk 1:40:56]}  c5 {[%clk 1:39:45]} 2. Nc3 {[%clk 1:41:17]}  d6 {[%clk 1:40:05]} 3. f4 {[%clk 1:41:35]}  g6 {[%clk 1:40:23]} 4. Nf3 {[%clk 1:41:48]}  Bg7 {[%clk 1:40:44]} 5. Bc4 {[%clk 1:41:48]}  Nc6 {[%clk 1:41:07]} 6. O-O {[%clk 1:42:06]}  e6 {[%clk 1:41:29]} 7. d4 {[%clk 1:42:18]}  cxd4 {[%clk 1:41:45]} 8. Nb5 {[%clk 1:42:21]}  Nge7 {[%clk 1:42:09]} 9. Bb3 {[%clk 1:42:08]}  O-O {[%clk 1:42:32]} 10. Nbxd4 {[%clk 1:41:29]}  Na5 {[%clk 1:42:51]} 11. Be3 {[%clk 1:38:35]}  a6 {[%clk 1:37:34]} 12. Qe1 {[%clk 1:16:45]}  Bd7 {[%clk 1:29:52]} 13. Qg3 {[%clk 1:03:50]}  Nec6 {[%clk 1:12:18]} 14. f5 {[%clk 0:55:22]}  Nxb3 {[%clk 1:12:21]} 15. axb3 {[%clk 0:55:17]}  Ne5 {[%clk 1:12:23]} 16. c3 {[%clk 0:43:44]}  Bf6 {[%clk 0:42:10]} 17. Bg5 {[%clk 0:29:14]}  Nxf3+ {[%clk 0:13:17]} 18. Nxf3 {[%clk 0:29:28]}  e5 {[%clk 0:13:41]} 19. Qh4 {[%clk 0:16:30]}  Kg7 {[%clk 0:13:29]} 20. Qh6+ {[%clk 0:15:00]}  Kg8 {[%clk 0:12:54]} 21. Qh4 {[%clk 0:15:17]}  Kg7 {[%clk 0:13:04]} 22. Qh6+ {[%clk 0:08:39]}  Kg8 {[%clk 0:09:05]} 1/2-1/2